YB – Norwegian Postal Codes — 9000-9999 - Statistics

General Stats
  • This quiz has been taken 13 times
  • The average score is 207 of 401
Answer Stats
Hint Answer % Correct
9118 Brensholmen
75%
9062 Furuflaten
75%
9600 Hammerfest
75%
9601 Hammerfest
75%
9602 Hammerfest
75%
9603 Hammerfest
75%
9043 Jøvik
75%
9022 Krokelvdalen
75%
9023 Krokelvdalen
75%
9103 Kvaløya
75%
9104 Kvaløya
75%
9105 Kvaløya
75%
9107 Kvaløya
75%
9108 Kvaløya
75%
9109 Kvaløya
75%
9100 Kvaløysletta
75%
9101 Kvaløysletta
75%
9102 Kvaløysletta
75%
9040 Nordkjosbotn
75%
9049 Nordkjosbotn
75%
9068 Nord-Lenangen
75%
9046 Oteren
75%
9050 Storsteinnes
75%
9059 Storsteinnes
75%
9064 Svensby
75%
9024 Tomasjord
75%
9020 Tromsdalen
75%
9021 Tromsdalen
75%
9006 Tromsø
75%
9007 Tromsø
75%
9008 Tromsø
75%
9009 Tromsø
75%
9010 Tromsø
75%
9011 Tromsø
75%
9012 Tromsø
75%
9013 Tromsø
75%
9014 Tromsø
75%
9015 Tromsø
75%
9016 Tromsø
75%
9017 Tromsø
75%
9018 Tromsø
75%
9019 Tromsø
75%
9650 Akkarfjord
50%
9190 Akkarvik
50%
9501 Alta
50%
9502 Alta
50%
9503 Alta
50%
9504 Alta
50%
9505 Alta
50%
9506 Alta
50%
9507 Alta
50%
9508 Alta
50%
9509 Alta
50%
9510 Alta
50%
9511 Alta
50%
9512 Alta
50%
9513 Alta
50%
9514 Alta
50%
9515 Alta
50%
9516 Alta
50%
9517 Alta
50%
9518 Alta
50%
9186 Andsnes
50%
9454 Ånstad
50%
9192 Arnøyhamn
50%
9195 Årviksand
50%
9360 Bardu
50%
9365 Bardu
50%
9325 Bardufoss
50%
9326 Bardufoss
50%
9178 Barentsburg
50%
9990 Båtsfjord
50%
9991 Båtsfjord
50%
9580 Bergsfjord
50%
9980 Berlevåg
50%
9981 Berlevåg
50%
9147 Birtavarre
50%
9149 Birtavarre
50%
9426 Bjarkøy
50%
9910 Bjørnevatn
50%
9914 Bjørnevatn
50%
9475 Borkenes
50%
9476 Borkenes
50%
9716 Børselv
50%
9373 Botnhamn
50%
9593 Breivikbotn
50%
9311 Brøstadbotn
50%
9316 Brøstadbotn
50%
9935 Bugøynes
50%
9161 Burfjord
50%
9169 Burfjord
50%
9455 Engenes
50%
9456 Engenes
50%
9439 Evenskjer
50%
9440 Evenskjer
50%
9300 Finnsnes
50%
9305 Finnsnes
50%
9306 Finnsnes
50%
9307 Finnsnes
50%
9308 Finnsnes
50%
9309 Finnsnes
50%
9441 Fjelldal
50%
9388 Fjordgard
50%
9393 Flakstadvåg
50%
9612 Forsøl
50%
9775 Gamvik
50%
9372 Gibostad
50%
9382 Gibostad
50%
9765 Gjesvær
50%
9470 Gratangen
50%
9471 Gratangen
50%
9423 Grøtavær
50%
9446 Grovfjord
50%
9447 Grovfjord
50%
9379 Gryllefjord
50%
9380 Gryllefjord
50%
9532 Hakkstabben
50%
9615 Hammerfest
50%
9616 Hammerfest
50%
9181 Hamneidet
50%
9450 Hamnvik
50%
9451 Hamnvik
50%
9130 Hansnes
50%
9134 Hansnes
50%
9402 Harstad
50%
9403 Harstad
50%
9404 Harstad
50%
9405 Harstad
50%
9406 Harstad
50%
9407 Harstad
50%
9408 Harstad
50%
9409 Harstad
50%
9411 Harstad
50%
9414 Harstad
50%
9415 Harstad
50%
9416 Harstad
50%
9479 Harstad
50%
9480 Harstad
50%
9481 Harstad
50%
9482 Harstad
50%
9483 Harstad
50%
9484 Harstad
50%
9485 Harstad
50%
9486 Harstad
50%
9487 Harstad
50%
9488 Harstad
50%
9489 Harstad
50%
9496 Harstad
50%
9497 Harstad
50%
9498 Harstad
50%
9590 Hasvik
50%
9591 Hasvik
50%
9159 Havnnes
50%
9690 Havøysund
50%
9691 Havøysund
50%
9912 Hesseng
50%
9916 Hesseng
50%
9444 Hol i Tjeldsund
50%
9750 Honningsvåg
50%
9751 Honningsvåg
50%
9389 Husøy i Senja
50%
9710 Indre Billefjord
50%
9672 Ingøy
50%
9163 Jøkelfjord
50%
9395 Kaldfarnes
50%
9730 Karasjok
50%
9731 Karasjok
50%
9732 Karasjok
50%
9733 Karasjok
50%
9734 Karasjok
50%
9735 Karasjok
50%
9736 Karasjok
50%
9737 Karasjok
50%
9657 Kårhamn
50%
9138 Karlsøy
50%
9322 Karlstad
50%
9131 Kårvik
50%
9520 Kautokeino
50%
9521 Kautokeino
50%
9522 Kautokeino
50%
9523 Kautokeino
50%
9524 Kautokeino
50%
9527 Kautokeino
50%
9528 Kautokeino
50%
9529 Kautokeino
50%
9960 Kiberg
50%
9900 Kirkenes
50%
9901 Kirkenes
50%
9915 Kirkenes
50%
9917 Kirkenes
50%
9790 Kjøllefjord
50%
9424 Kjøtta
50%
9715 Kokelv
50%
9982 Kongsfjord
50%
9533 Kongshus
50%
9436 Kongsvik
50%
9536 Korsfjorden
50%
9453 Kråkrøhamn
50%
9742 Kunes
50%
9531 Kvalfjord
50%
9620 Kvalsund
50%
9621 Kvalsund
50%
9519 Kviby
50%
9700 Lakselv
50%
9711 Lakselv
50%
9712 Lakselv
50%
9042 Laksvatn
50%
9545 Langfjordbotn
50%
9583 Langfjordhamn
50%
9772 Langfjordnes
50%
9651 Langstrand
50%
9194 Lauksletta
50%
9740 Lebesby
50%
9170 Longyearbyen
50%
9171 Longyearbyen
50%
9586 Loppa
50%
9420 Lundenes
50%
9060 Lyngseidet
50%
9069 Lyngseidet
50%
9692 Måsøy
50%
9525 Maze
50%
9770 Mehamn
50%
9055 Meistervik
50%
9427 Meløyvær
50%
9141 Mjølvik
50%
9321 Moen
50%
9329 Moen
50%
9056 Mortenhals
50%
9443 Myklebostad
50%
9773 Nervei
50%
9193 Nikkeby
50%
9764 Nordkapp
50%
9609 Nordre Seiland
50%
9760 Nordvågen
50%
9582 Nuvsvåg
50%
9173 Ny-Ålesund
50%
9550 Øksfjord
50%
9146 Olderdalen
50%
9148 Olderdalen
50%
9034 Oldervik
50%
9334 Øverbygd
50%
9335 Øverbygd
50%
9709 Porsangmoen
50%
9027 Ramfjordbotn
50%
9442 Ramsund
50%
9448 Ramsund
50%
9140 Rebbenes
50%
9184 Reinfjord
50%
9768 Repvåg
50%
9624 Revsneshamn
50%
9302 Rossfjordstraumen
50%
9153 Rotsund
50%
9336 Rundhaug
50%
9713 Russenes
50%
9610 Rypefjord
50%
9611 Rypefjord
50%
9144 Samuelsberg
50%
9145 Samuelsberg
50%
9585 Sandland
50%
9664 Sandøybotn
50%
9425 Sandsøy
50%
9430 Sandtorg
50%
9182 Seglvik
50%
9386 Senjahopen
50%
9387 Senjahopen
50%
9303 Silsand
50%
9370 Silsand
50%
9826 Sirma
50%
9350 Sjøvegan
50%
9355 Sjøvegan
50%
9030 Sjursnes
50%
9384 Skaland
50%
9385 Skaland
50%
9763 Skarsvåg
50%
9376 Skatvik
50%
9587 Skavnakk
50%
9142 Skibotn
50%
9143 Skibotn
50%
9771 Skjånes
50%
9180 Skjervøy
50%
9189 Skjervøy
50%
9722 Skoganvarre
50%
9714 Snefjord
50%
9110 Sommarøy
50%
9119 Sommarøy
50%
9152 Sørkjosen
50%
9155 Sørkjosen
50%
9310 Sørreisa
50%
9315 Sørreisa
50%
9162 Sørstraumen
50%
9584 Sør-Tverrfjord
50%
9595 Sørvær
50%
9419 Sørvik
50%
9185 Spildra
50%
9132 Stakkvik
50%
9391 Stonglandseidet
50%
9392 Stonglandseidet
50%
9151 Storslett
50%
9154 Storslett
50%
9156 Storslett
50%
9157 Storslett
50%
9158 Storslett
50%
9106 Straumsbukta
50%
9925 Svanvik
50%
9540 Talvik
50%
9841 Tana
50%
9842 Tana
50%
9843 Tana
50%
9844 Tana
50%
9845 Tana
50%
9846 Tana
50%
9357 Tennevoll
50%
9358 Tennevoll
50%
9381 Torsken
50%
9445 Tovik
50%
9029 Tromsdalen
50%
9037 Tromsø
50%
9038 Tromsø
50%
9240 Tromsø
50%
9251 Tromsø
50%
9252 Tromsø
50%
9253 Tromsø
50%
9254 Tromsø
50%
9255 Tromsø
50%
9256 Tromsø
50%
9257 Tromsø
50%
9258 Tromsø
50%
9259 Tromsø
50%
9260 Tromsø
50%
9261 Tromsø
50%
9262 Tromsø
50%
9263 Tromsø
50%
9265 Tromsø
50%
9266 Tromsø
50%
9267 Tromsø
50%
9268 Tromsø
50%
9269 Tromsø
50%
9270 Tromsø
50%
9271 Tromsø
50%
9272 Tromsø
50%
9273 Tromsø
50%
9274 Tromsø
50%
9275 Tromsø
50%
9276 Tromsø
50%
9277 Tromsø
50%
9278 Tromsø
50%
9279 Tromsø
50%
9280 Tromsø
50%
9281 Tromsø
50%
9282 Tromsø
50%
9283 Tromsø
50%
9284 Tromsø
50%
9285 Tromsø
50%
9286 Tromsø
50%
9287 Tromsø
50%
9288 Tromsø
50%
9290 Tromsø
50%
9291 Tromsø
50%
9292 Tromsø
50%
9293 Tromsø
50%
9294 Tromsø
50%
9296 Tromsø
50%
9298 Tromsø
50%
9299 Tromsø
50%
9670 Tufjord
50%
9128 Tussøy
50%
9197 Uløybukt
50%
9800 Vadsø
50%
9801 Vadsø
50%
9803 Vadsø
50%
9804 Vadsø
50%
9811 Vadsø
50%
9815 Vadsø
50%
9187 Valanhamn
50%
9304 Vangsvik
50%
9136 Vannareid
50%
9135 Vannvåg
50%
9137 Vannvåg
50%
9820 Varangerbotn
50%
9840 Varangerbotn
50%
9950 Vardø
50%
9951 Vardø
50%
9952 Vardø
50%
9717 Veidnes
50%
9120 Vengsøy
50%
9802 Vestre Jakobselv
50%
9810 Vestre Jakobselv
50%
9057 Vikran
50%
9538 Alta
25%
9541 Alta
25%
9176 Bjørnøya
25%
9174 Hopen
25%
9911 Jarfjord
25%
9045 Lakselvbukt
25%
9175 Sveagruva
25%
9537 Tverrelvdalen
25%
9782 Dyrfjord
0%
9762 Kamøyvær
0%
9930 Leiden
0%
9766 Sarnes
0%
9955 Svartnes
0%
No matching quizzes found
Score Distribution
Percent of People with Each Score
Percentile by Number Answered
Your Score History
You have not taken this quiz